| 000 | 00479nam a2200181Ia 4500 | ||
|---|---|---|---|
| 003 | GCL | ||
| 008 | 140319s9999 xx 000 0 ara d | ||
| 040 |
_aGCL / _cGCL |
||
| 082 | 0 | 4 |
_a813.081 _bع ح |
| 100 | 1 | _aعباس خضر | |
| 245 | 1 | 0 |
_aحمزة العرب / _cعباس خضر |
| 300 | _a182 ص | ||
| 490 |
_aروائع القصص للشباب _v0 |
||
| 650 | 0 | 4 | _aالادب العربى |
| 650 | 0 | 4 | _aالادب |
| 650 | 0 | 4 | _aالادب الشعبى |
| 942 |
_2ddc _cBK |
||
| 999 |
_c40913 _d40913 |
||